Encyclopedia of the solar system (Record no. 12882)
[ view plain ]
| 000 -LEADER | |
|---|---|
| fixed length control field | 00674nam a2200205Ia 4500 |
| 003 - CONTROL NUMBER IDENTIFIER | |
| control field | IN-BaIIA |
| 008 - FIXED-LENGTH DATA ELEMENTS--GENERAL INFORMATION | |
| fixed length control field | 211028s9999 xx 000 0 eng d |
| 020 ## - INTERNATIONAL STANDARD BOOK NUMBER | |
| International Standard Book Number | 0-12-226805-9 |
| 040 ## - CATALOGING SOURCE | |
| Transcribing agency | IIA Library |
| 080 ## - UNIVERSAL DECIMAL CLASSIFICATION NUMBER | |
| Universal Decimal Classification number | (031)523 |
| Item number | ENC-1 |
| 245 #0 - TITLE STATEMENT | |
| Title | Encyclopedia of the solar system |
| Statement of responsibility, etc. | edited by P. R. Weissman, McFaden, L.-C and T. V. Johnson |
| 260 ## - PUBLICATION, DISTRIBUTION, ETC. | |
| Place of publication, distribution, etc. | San Diego |
| Name of publisher, distributor, etc. | Academic Press |
| Date of publication, distribution, etc. | 1999 |
| 300 ## - PHYSICAL DESCRIPTION | |
| Extent | xviii, 992p |
| 650 ## - SUBJECT ADDED ENTRY--TOPICAL TERM | |
| Topical term or geographic name entry element | encyclopedia-solar system |
| 9 (RLIN) | 22601 |
| 650 ## - SUBJECT ADDED ENTRY--TOPICAL TERM | |
| Topical term or geographic name entry element | Solar system |
| 700 ## - ADDED ENTRY--PERSONAL NAME | |
| Personal name | Johnson, T. V., ed. |
| 9 (RLIN) | 21776 |
| 700 ## - ADDED ENTRY--PERSONAL NAME | |
| Personal name | McFaden, L.-C., ed. |
| 9 (RLIN) | 22602 |
| 700 ## - ADDED ENTRY--PERSONAL NAME | |
| Personal name | Weissman, P. R., ed. |
| 9 (RLIN) | 22603 |
| 942 ## - ADDED ENTRY ELEMENTS (KOHA) | |
| Koha item type | Books |
| Withdrawn status | Lost status | Damaged status | Not for loan | Home library | Current library | Shelving location | Date acquired | Cost, normal purchase price | Total Checkouts | Full call number | Barcode | Date last seen | Cost, replacement price | Price effective from | Koha item type | Purchase Price |
|---|---|---|---|---|---|---|---|---|---|---|---|---|---|---|---|---|
| IIA Library-Bangalore | IIA Library-Bangalore | General Stacks | 04/02/1999 | 4367.00 | (031)523/ ENC-1 | 13799 | 05/11/2021 | 4367.00 | 04/02/1999 | Books | Rs. 4367.00 |